|
|
|
|
| LEADER |
02833nam a2200697 a 4500 |
| 001 |
nkc20112225599 |
| 003 |
CZ PrNK |
| 005 |
20111020151131.0 |
| 007 |
ta |
| 008 |
110927s2011 xr a f m 000 0 cze |
| 015 |
|
|
|a cnb002225599
|
| 020 |
|
|
|a 978-80-7454-065-3
|q (brož.)
|z 978-80-7454-066-0
|
| 035 |
|
|
|a (OCoLC)761169729
|
| 040 |
|
|
|a ABA001
|b cze
|
| 041 |
0 |
|
|a cze
|b eng
|
| 043 |
|
|
|a e-xr---
|
| 072 |
|
7 |
|a 005
|x Management. Řízení
|2 Konspekt
|9 4
|
| 080 |
|
|
|a 004:334.71
|2 MRF
|
| 080 |
|
|
|a 338.46
|2 MRF
|
| 080 |
|
|
|a 005.95/.96
|2 MRF
|
| 080 |
|
|
|a 331.101.38
|2 MRF
|
| 080 |
|
|
|a 005.73
|2 MRF
|
| 080 |
|
|
|a 331.101.32
|2 MRF
|
| 080 |
|
|
|a (437.3)
|2 MRF
|
| 080 |
|
|
|a (043.3)
|2 MRF
|
| 080 |
|
|
|a (048.3)
|2 MRF
|
| 100 |
1 |
|
|a Vlčková, Ilona,
|d 1980-
|7 mzk2007385989
|4 dis
|
| 245 |
1 |
0 |
|a Uplatňování principů interního marketingu v řízení firem poskytujících IT služby v České republice =
|b Assertion of principles of internal marketing by leading firms that provide IT services in Czech Republic : teze disertační práce /
|c autor Ilona Vlčková
|
| 246 |
3 |
1 |
|a Assertion of principles of internal marketing by leading firms that provide IT services in Czech Republic
|
| 260 |
|
|
|a Zlín :
|b Univerzita Tomáše Bati ve Zlíně,
|c 2011
|
| 300 |
|
|
|a 43 s. :
|b il. ;
|c 21 cm
|
| 490 |
1 |
|
|a Teze disertační práce =
|a Doctoral thesis summary
|
| 500 |
|
|
|a "Obor 6208V038 Management a ekonomika"
|
| 500 |
|
|
|a 30 výt.
|
| 502 |
|
|
|a Teze disertační práce (Ph.D.)--Univerzita Tomáše Bati ve Zlíně, Fakulta managementu a ekonomiky, 2009
|
| 504 |
|
|
|a Obsahuje bibliografii a bibliografické odkazy
|
| 546 |
|
|
|a Anglické resumé
|
| 650 |
0 |
7 |
|a IT firmy
|7 ph665790
|z Česko
|2 czenas
|
| 650 |
0 |
7 |
|a služby
|7 ph116190
|z Česko
|2 czenas
|
| 650 |
0 |
7 |
|a personální management
|7 ph115721
|2 czenas
|
| 650 |
0 |
7 |
|a pracovní motivace
|7 ph124529
|2 czenas
|
| 650 |
0 |
7 |
|a kultura organizace
|7 ph135313
|2 czenas
|
| 650 |
0 |
7 |
|a pracovní spokojenost
|7 ph319055
|2 czenas
|
| 650 |
0 |
9 |
|a IT firms
|z Czechia
|2 eczenas
|
| 650 |
0 |
9 |
|a service industries
|z Czechia
|2 eczenas
|
| 650 |
0 |
9 |
|a personnel management
|2 eczenas
|
| 650 |
0 |
9 |
|a employee motivation
|2 eczenas
|
| 650 |
0 |
9 |
|a corporate culture
|2 eczenas
|
| 650 |
0 |
9 |
|a job satisfaction
|2 eczenas
|
| 653 |
0 |
|
|a interní marketing
|
| 655 |
|
7 |
|a disertace
|7 fd132024
|2 czenas
|
| 655 |
|
7 |
|a teze
|7 fd133701
|2 czenas
|
| 655 |
|
9 |
|a dissertations
|2 eczenas
|
| 655 |
|
9 |
|a abstracts
|2 eczenas
|
| 710 |
2 |
|
|a Univerzita Tomáše Bati ve Zlíně.
|b Fakulta managementu a ekonomiky
|7 kn20010709196
|
| 810 |
2 |
|
|a Univerzita Tomáše Bati ve Zlíně.
|t Teze disertační práce
|0 s
|
| 910 |
2 |
|
|a BOA001
|b 2-1272.082
|
| 990 |
|
|
|a BK
|
| 995 |
|
|
|a 01
|
| 991 |
|
|
|b 201110
|c NOV
|e n
|
| 996 |
6 |
|
|b 2610489542
|c 2-1272.082
|l MZK
|r Sklad / do 1 hodiny
|n 0
|p p.v.
|w 001203474
|u 000010
|a 1
|e BOA001
|j MZK50
|s P
|